Technotrends : (Record no. 589499)

000 -LEADER
fixed length control field 01089cam a2200313 a 4500
001 - CONTROL NUMBER
control field 1562758
003 - CONTROL NUMBER IDENTIFIER
control field NUST
005 - DATE AND TIME OF LATEST TRANSACTION
control field 20220509102319.0
008 - FIXED-LENGTH DATA ELEMENTS--GENERAL INFORMATION
fixed length control field 921224s1993 nyua bf 001 0 eng
010 ## - LIBRARY OF CONGRESS CONTROL NUMBER
LC control number 92056234
020 ## - INTERNATIONAL STANDARD BOOK NUMBER
International Standard Book Number 0887306276 (cloth) :
Terms of availability $25.00 ($33.50 CAN)
038 ## - RECORD CONTENT LICENSOR
Staff Name waseem
040 ## - CATALOGING SOURCE
Original cataloging agency DLC
Transcribing agency DLC
Modifying agency DLC
043 ## - GEOGRAPHIC AREA CODE
Geographic area code n-us---
050 00 - LIBRARY OF CONGRESS CALL NUMBER
Classification number HD45
Item number .B816 1993
082 00 - DEWEY DECIMAL CLASSIFICATION NUMBER
Classification number 658.514
Author Mark BUR
100 1# - MAIN ENTRY--PERSONAL NAME
Personal name Burrus, Daniel.
9 (RLIN) 91303
245 10 - TITLE STATEMENT
Title Technotrends :
Remainder of title how to use technology to go beyond your competition /
Statement of responsibility, etc. Daniel Burrus, with Roger Gittines.
250 ## - EDITION STATEMENT
Edition statement 1st ed.
260 ## - PUBLICATION, DISTRIBUTION, ETC.
Place of publication, distribution, etc. New York :
Name of publisher, distributor, etc. HarperBusiness,
Date of publication, distribution, etc. c1993.
300 ## - PHYSICAL DESCRIPTION
Extent xxiii, 376 p :
Other physical details ill. ;
Dimensions 24 cm.
504 ## - BIBLIOGRAPHY, ETC. NOTE
Bibliography, etc. note Includes bibliographical references (p. 357-362) and index.
563 ## - BINDING INFORMATION
Binding note HBK.
650 #0 - SUBJECT ADDED ENTRY--TOPICAL TERM
Topical term or geographic name entry element Technological innovations
Geographic subdivision United States
General subdivision Management.
9 (RLIN) 91304
700 1# - ADDED ENTRY--PERSONAL NAME
Personal name Gittines, Roger.
9 (RLIN) 91305
906 ## - LOCAL DATA ELEMENT F, LDF (RLIN)
a 7
b cbc
c orignew
d 1
e ocip
f 19
g y-gencatlg
942 ## - ADDED ENTRY ELEMENTS (KOHA)
Source of classification or shelving scheme
Koha item type Book
Holdings
Withdrawn status Lost status Source of classification or shelving scheme Damaged status Not for loan Permanent Location Current Location Shelving location Date acquired Source of acquisition Total Checkouts Full call number Barcode Date last seen Price effective from Koha item type
          Central Library (CL) Central Library (CL) Management Sciences 05/09/2022 Donation   658.514 BUR CL-D-1759 05/09/2022 05/09/2022 Book
© 2023 Central Library, National University of Sciences and Technology. All Rights Reserved.